[Event "Challenge"]
[Site "http://www.queenalice.com/game.php?id=1191935"]
[Date "2013.6.18"]
[Round "-"]
[White "dejami"]
[Black "rrainey22"]
[Result "0-1"]
[WhiteElo "1664"]
[BlackElo "1711"]

1. e4 e5 2. c3 d5 3. f3 d4 4. d3 c5 5. c4 Bd6 6. g4 f6 7. Qa4+ Bd7 8. Qb3 b6 9.
a4 a5 10. Ne2 Bc6 11. Ng3 Nd7 12. Nf5 Bf8 13. Qc2 g6 14. Ng3 Bd6 15. h4 Ne7 16.
Qd2 Qc7 17. h5 O-O-O 18. h6 Nf8 19. Bh3 Kb7 20. Ne2 Ne6 21. Qd1 Rhf8 22. Ng3 Nf4
23. Bxf4 exf4 24. Ne2 g5 25. Na3 Ng6 26. Nc2 Ne5 27. Ng1 Rg8 28. b3 Rg6 29. Bg2
Bf8 30. Ne2 Rxh6 31. Qd2 Rxh1+ 32. Bxh1 Qf7 33. O-O-O h5 34. Rg1 h4 35. Bg2 Bd6
36. Rh1 Rh8 37. Ng1 Rh6 38. Nh3 Nd7 39. Re1 Be5 40. Na1 Nb8 41. Nc2 Na6 42. Na3
Nb4 43. Kb2 Rh8 44. Re2 Rb8 45. Re1 Kc8 46. Re2 Qb7 47. Re1 Na6 48. Rh1 Nc7 49.
Nf2 Bd6 50. Nc2 b5 51. cxb5 Bxb5 52. Ka3 Bxa4 53. Kxa4 Qxb3+ 54. Kxa5 Qb5# 0-1

[Event "Challenge"]
[Site "http://www.queenalice.com/game.php?id=1196493"]
[Date "2013.7.3"]
[Round "-"]
[White "zmanomega"]
[Black "rrainey22"]
[Result "1-0"]
[WhiteElo "1517"]
[BlackElo "1729"]

1. d4 d5 2. c3 c5 3. e3 c4 4. Nf3 Bg4 5. Be2 Qd7 6. Ne5 Qd6 7. Bxg4 f6 8. Nf3 h5
9. Bf5 Nh6 10. Bh3 g5 11. Nxg5 fxg5 12. Qa4+ Nc6 13. g3 g4 14. Bg2 e6 15. b3
cxb3 16. Qxb3 O-O-O 17. O-O b6 18. a4 Na5 19. Qb5 Nc4 20. Na3 Na5 21. c4 Nxc4
22. Nxc4 dxc4 23. Qa6+ Kd7 24. Qxa7+ Qc7 25. Qa6 Bg7 26. Qb5+ Ke7 27. Ba3+ Kf6
28. Bc1 Nf5 29. Be4 h4 30. f4 hxg3 31. Bxf5 exf5 32. Ra2 gxh2+ 33. Rxh2 Rxh2 34.
Kxh2 Rh8+ 35. Kg2 Qb7+ 36. d5 Rd8 37. Kg3 Rxd5 38. Qxc4 Rd8 39. Bb2+ Kg6 40.
Qe6+ Kh7 41. Qxf5+ Kg8 42. Bxg7 Qxg7 43. Rh1 Rf8 44. Qe6+ Qf7 45. Qxg4+ Qg7 46.
Qxg7+ Kxg7 47. Rb1 Re8 48. Kf3 Ra8 49. Rxb6 Rxa4 50. Kg4 Re4 51. Kf3 Re7 52. f5
Re5 53. Kf4 Re8 54. e4 Kf7 55. e5 Re7 56. Rg6 Rc7 57. e6+ Kf8 58. Kg5 Rc5 59.
Kf6 Rc6 60. Kg5 Rc5 61. Rf6+ Ke7 62. Rf7+ Ke8 63. Rd7 Re5 64. Kf6 Re4 65. Rh7
Kd8 66. Rh8+ Kc7 67. Kf7 Kd6 68. Rd8+ Ke5 69. f6 Kf5 70. Rd5+ Re5 71. Rxe5+ Kxe5
72. e7 1-0

[Event "Challenge"]
[Site "http://www.queenalice.com/game.php?id=1196557"]
[Date "2013.7.3"]
[Round "-"]
[White "rrainey22"]
[Black "QDigg"]
[Result "1-0"]
[WhiteElo "1725"]
[BlackElo "1300"]

1. d4 a5 2. e4 Nf6 3. e5 Nd5 4. c4 Nb4 5. a3 N4a6 6. Bd2 b6 7. Qf3 c5 8. Qxa8
cxd4 9. c5 bxc5 10. Bxa6 Bxa6 11. b4 e6 12. bxa5 Be7 13. Qe4 d5 14. exd6 Bxd6
15. Nf3 O-O 16. Ng5 f5 17. Qxe6+ Kh8 18. Kd1 h6 19. Nf7+ Rxf7 20. Qxf7 Bd3 21.
Re1 Qf6 22. Re8+ Kh7 23. Qg8+ Kg6 24. Re6 Qxe6 25. Qxe6+ Kh7 26. Qxd6 Na6 27.
Bf4 Bc4 28. Nd2 Bb5 29. a4 Bd3 30. Nb3 g5 31. Be5 c4 32. Qxa6 Bf1 33. Nxd4 f4
34. Ke1 Bd3 35. Qb7+ Kg6 36. Qg7+ Kh5 37. Qf7+ Kg4 38. Nb5 h5 39. Rd1 Bf5 40.
h3+ Kh4 41. Qxf5 g4 42. Bf6# 1-0

[Event "Challenge"]
[Site "http://www.queenalice.com/game.php?id=1199091"]
[Date "2013.7.12"]
[Round "-"]
[White "rrainey22"]
[Black "dejami"]
[Result "1/2-1/2"]
[WhiteElo "1651"]
[BlackElo "1710"]

1. d4 d5 2. c4 dxc4 3. e3 b5 4. a4 c6 5. axb5 cxb5 6. Nc3 a6 7. Nxb5 Be6 8. Bd2
axb5 9. Rxa8 Bd5 10. Ra1 Nf6 11. Ba5 Qc8 12. Qc1 e6 13. b3 Ne4 14. f3 Nd6 15. e4
Bc6 16. bxc4 b4 17. c5 Nb7 18. Bxb4 Be7 19. Ba6 O-O 20. Ne2 Qd8 21. O-O Bg5 22.
f4 Be7 23. Rd1 Bxe4 24. Bb5 Qd5 25. Bc4 Qc6 26. d5 exd5 27. Bd3 Bxd3 28. Rxd3
Bxc5+ 29. Bxc5 Nxc5 30. Rc3 Nbd7 31. Ra5 Rc8 32. g3 Qb6 33. Raxc5 Nxc5 34. Kg2
g6 35. h4 Qb4 36. Qe3 Kf8 37. Qe5 Qe4+ 38. Qxe4 dxe4 39. g4 Ke8 40. g5 f5 41.
gxf6 Kf7 42. Nd4 Kxf6 43. Kg3 Ke7 44. Kg4 Kd7 45. f5 gxf5+ 46. Nxf5 Ne6 47. Re3
Rc4 48. Ng3 Nc5 49. Kf5 Ke7 50. h5 Kf7 51. h6 Ra4 52. Nh5 Ra5 53. Rg3 Ne6+ 54.
Kg4 Rg5+ 55. Kh4 Kg6 56. Rxg5+ Nxg5 57. Ng3 Kxh6 58. Kg4 Kg6 59. Kf4 h5 60. Nxe4
Nxe4 61. Kxe4 Kg5 62. Kf3 h4 63. Kg2 Kg4 64. Kh2 h3 65. Kg1 Kg3 66. Kh1 Kg4 67.
Kg1 Kg3 68. Kh1 Kg4 69. Kg1 Kg3 1/2-1/2

[Event "Challenge"]
[Site "http://www.queenalice.com/game.php?id=1200473"]
[Date "2013.7.17"]
[Round "-"]
[White "QDigg"]
[Black "rrainey22"]
[Result "0-1"]
[WhiteElo "1298"]
[BlackElo "1727"]

1. a4 d5 2. e3 e5 3. Nf3 e4 4. Nd4 c5 5. Ne2 g5 6. b3 f5 7. Nec3 d4 8. Nb5 a6 9.
N5a3 Nc6 10. c4 Qf6 11. Be2 d3 12. Bh5+ Kd8 13. Nc3 g4 14. Nd5 Qxa1 15. Nb6 Rb8
16. O-O Qg7 17. Nd5 Be6 18. Nf4 Bd7 19. f3 Bd6 20. fxe4 Bxf4 21. Rxf4 Nf6 22.
Bb2 Qe7 23. Bxf6 Qxf6 24. Rxf5 Bxf5 25. exf5 Qxf5 26. Bxg4 Qe5 27. Qf1 b6 28.
Qf7 Ne7 29. Qh5 Qa1+ 30. Kf2 Qxa3 31. Qe5 Ng6 32. Qxb8+ Ke7 33. Qb7+ Kf6 34.
Qf3+ Kg7 35. Qb7+ Kh6 36. Qf7 Rf8 37. Qxf8+ Nxf8 38. Bf5 Qxb3 39. g4 Qxc4 40. h4
Qc2 41. g5+ Kh5 42. Kg3 Qxd2 43. Bg4+ Kg6 44. h5+ Kg7 45. h6+ Kg6 46. Kf4 Kf7
47. Bh5+ Ng6+ 48. Ke4 Qc2 49. Bxg6+ hxg6 50. Kf4 d2 51. h7 Kg7 52. a5 bxa5 53.
Ke5 d1=Q 0-1

[Event "Challenge"]
[Site "http://www.queenalice.com/game.php?id=1203660"]
[Date "2013.7.30"]
[Round "-"]
[White "rrainey22"]
[Black "QDigg"]
[Result "0-1"]
[WhiteElo "1705"]
[BlackElo "1285"]

1. d4 a5 2. e4 b6 3. Be3 Na6 4. c3 d6 5. Bd3 e6 6. Ne2 Be7 7. Nd2 Nf6 8. f3 e5
9. d5 Nc5 10. Bb5+ Bd7 11. Bc6 Rb8 12. Bxc5 bxc5 13. Qa4 Rxb2 14. Nb3 Rxb3 15.
Qxb3 O-O 16. c4 Bxc6 17. dxc6 Qe8 18. Qb7 Qc8 19. Qxc8 Rxc8 20. Rb1 g6 21. O-O
a4 22. Rb7 Ne8 23. Rfb1 Kf8 24. Ra7 h5 25. Rxa4 f5 26. Nc3 Nf6 27. exf5 gxf5 28.
Nd5 Nxd5 29. cxd5 h4 30. Rxh4 Bxh4 31. a4 Ra8 32. g3 Bg5 33. Ra1 Be3+ 34. Kf1 f4
35. g4 Kg7 36. h4 Kg6 37. Ke2 Bd4 38. Kd3 Rb8 39. a5 Rb3+ 40. Kc2 c4 41. Ra4
Rb2+ 42. Kc1 c3 43. h5+ Kg5 44. Ra1 Be3+ 45. Kd1 c2+ 46. Ke2 Rb1 47. h6 Rxa1 0-1

[Event "Challenge"]
[Site "http://www.queenalice.com/game.php?id=1206449"]
[Date "2013.8.8"]
[Round "-"]
[White "QDigg"]
[Black "rrainey22"]
[Result "0-1"]
[WhiteElo "1315"]
[BlackElo "1675"]

1. e4 e5 2. Nf3 d5 3. Nc3 d4 4. Ne2 f6 5. c3 d3 6. Ng3 c5 7. c4 a6 8. Qb3 Qd7 9.
Bxd3 b5 10. O-O b4 11. Bc2 Bb7 12. a4 a5 13. Qe3 Nc6 14. b3 Nd4 15. Nxd4 cxd4
16. Qe2 O-O-O 17. d3 Bc5 18. Nh5 g6 19. Ng3 h5 20. h4 Rh7 21. Bd1 Ne7 22. Ra2
Rdh8 23. f4 Kc7 24. f5 g5 25. hxg5 h4 26. g6 hxg3 27. Qf3 Rh1# 0-1

[Event "Challenge"]
[Site "http://www.queenalice.com/game.php?id=1208234"]
[Date "2013.8.14"]
[Round "-"]
[White "QDigg"]
[Black "rrainey22"]
[Result "0-1"]
[WhiteElo "1313"]
[BlackElo "1677"]

1. e3 d5 2. d4 c5 3. c4 dxc4 4. d5 b5 5. a3 Nf6 6. b4 cxb4 7. a4 Qxd5 8. Qxd5
Nxd5 9. axb5 c3 10. Bc4 Nb6 11. Bb3 e6 12. e4 a5 13. Be3 N8d7 14. f4 Bb7 15. Bc2
Nc4 16. Ke2 Nd6 17. Kf3 Nxb5 18. Ba4 Nd6 19. Bxd7+ Kxd7 20. Bc5 Bxe4+ 21. Kg3
Nf5+ 0-1

[Event "Challenge"]
[Site "http://www.queenalice.com/game.php?id=1214766"]
[Date "2013.9.6"]
[Round "-"]
[White "rrainey22"]
[Black "QDigg"]
[Result "1-0"]
[WhiteElo "1679"]
[BlackElo "1311"]

1. d4 d5 2. c4 dxc4 3. e3 c6 4. Bxc4 b5 5. Bd3 a5 6. a4 Qd5 7. Nc3 Qxg2 8. Be4
Qg4 9. axb5 cxb5 10. Bxa8 Qxd1+ 11. Nxd1 a4 12. Nc3 e6 13. Nxb5 Bb4+ 14. Bd2
Bxd2+ 15. Kxd2 Bd7 16. Nc3 Ne7 17. Nxa4 O-O 18. Nb6 Bc6 19. Bxc6 Nbxc6 20. Nd7
Rd8 21. Nc5 g5 22. Nf3 g4 23. Nh4 e5 24. Nb3 exd4 25. exd4 Nxd4 26. Nxd4 Ng6 27.
Nxg6 Rxd4+ 28. Ke3 Rd6 29. Nf4 Rf6 30. Ra8+ Kg7 31. Rg1 Rb6 32. Rxg4+ Kf6 33.
Nd5+ Kf5 34. Rf4+ Ke5 35. Nxb6 f5 36. Ra5+ Kd6 37. Nc4+ Ke6 38. Re5+ Kf6 39.
Rfxf5+ Kg6 40. Nd6 1-0

[Event "Challenge"]
[Site "http://www.queenalice.com/game.php?id=1219974"]
[Date "2013.9.26"]
[Round "-"]
[White "QDigg"]
[Black "rrainey22"]
[Result "1-0"]
[WhiteElo "1309"]
[BlackElo "1681"]

1. Nf3 d5 2. d4 c5 3. c3 b5 4. b4 c4 5. a3 a6 6. a4 Bb7 7. a5 f6 8. e3 Nc6 9. g3
Bc8 10. Be2 g5 11. h3 Be6 12. g4 Qc7 13. Nbd2 O-O-O 14. e4 h5 15. h4 hxg4 16.
Nxg5 fxg5 17. h5 g3 18. e5 Nh6 19. fxg3 Qd7 20. Nf3 Nf7 21. Bxg5 Nxg5 22. Nxg5
Bh6 23. Nxe6 Qxe6 24. Bg4 1-0

[Event "Challenge"]
[Site "http://www.queenalice.com/game.php?id=1222769"]
[Date "2013.10.7"]
[Round "-"]
[White "rrainey22"]
[Black "QDigg"]
[Result "1-0"]
[WhiteElo "1653"]
[BlackElo "1339"]

1. d4 Nf6 2. e3 d5 3. h3 Nc6 4. Nf3 a6 5. a3 b5 6. b4 e6 7. Nc3 Ne4 8. Qd3 f5 9.
g4 g6 10. Bg2 h5 11. gxf5 exf5 12. Bb2 Be7 13. Ne5 Nxe5 14. dxe5 Bb7 15. e6 c5
16. Nxd5 Bxd5 17. Bxh8 Bf6 18. Bxf6 Nxf6 19. Bxd5 Nxd5 20. bxc5 Rc8 21. Rd1 Rxc5
22. e4 Qa5+ 23. Kf1 Qc3 24. exd5 Qxc2 25. d6 Qa2 26. d7+ Kd8 27. e7+ Kxe7 28.
d8=Q+ 1-0

[Event "Challenge"]
[Site "http://www.queenalice.com/game.php?id=1227439"]
[Date "2013.10.26"]
[Round "-"]
[White "rrainey22"]
[Black "QDigg"]
[Result "1-0"]
[WhiteElo "1640"]
[BlackElo "1333"]

1. d4 h6 2. e4 a6 3. Be3 Nf6 4. Bd3 b5 5. e5 Nd5 6. Qd2 e6 7. Be4 Bb7 8. Ne2 f5
9. Bf3 f4 10. Bxf4 g5 11. Bh5+ Ke7 12. Bxg5+ hxg5 13. Qxg5+ 1-0

[Event "Challenge"]
[Site "http://www.queenalice.com/game.php?id=1227440"]
[Date "2013.10.26"]
[Round "-"]
[White "rrainey22"]
[Black "QDigg"]
[Result "0-1"]
[WhiteElo "1644"]
[BlackElo "1327"]

1. d4 h6 2. e4 a5 3. Be3 e6 4. d5 e5 5. Bc4 c5 6. d6 Nf6 7. Nc3 Nc6 8. Bxc5 b6
9. Be3 Ba6 10. Nb5 Bxb5 11. Bxb5 Nxe4 12. Bxc6 Nxd6 13. Bxa8 Qxa8 14. f3 Qa6 15.
b3 Nf5 16. Bf2 Bb4+ 0-1

[Event "mesa 16"]
[Site "http://www.queenalice.com/game.php?id=1236916"]
[Date "2013.12.1"]
[Round "-"]
[White "Herbert_Cezar"]
[Black "rrainey22"]
[Result "1-0"]
[WhiteElo "1869"]
[BlackElo "1615"]

1. e4 e5 2. Nf3 d5 3. Nc3 d4 4. Ne2 f6 5. d3 Bg4 6. Ng3 g6 7. Be2 Bb4+ 8. Bd2
Qd6 9. O-O Nc6 10. c3 dxc3 11. Bxc3 Bc5 12. Nd2 Bxe2 13. Qxe2 Bd4 14. Nb3 O-O-O
15. Bxd4 Nxd4 16. Nxd4 Qxd4 17. Rfd1 Ne7 18. Rac1 c6 19. Qf3 Rd6 20. Ne2 Qxb2
21. Qe3 Kb8 22. Qc5 Rhd8 23. Rc2 Qb6 24. Qa3 Qc7 25. Rb2 Qd7 26. Rbd2 Nc8 27.
Qb4 Nb6 28. a4 Na8 29. a5 Nc7 30. Nc3 Rd4 31. Qb1 Na6 32. Ne2 Rd6 33. Qb3 Nc5
34. Qc2 1-0

[Event "Challenge"]
[Site "http://www.queenalice.com/game.php?id=1251872"]
[Date "2014.1.28"]
[Round "-"]
[White "rrainey22"]
[Black "QDigg"]
[Result "1-0"]
[WhiteElo "1618"]
[BlackElo "1401"]

1. d4 c6 2. e4 e6 3. Be3 Nf6 4. e5 Nd5 5. c3 Nxe3 6. fxe3 d5 7. Nd2 b5 8. b4 f5
9. Ngf3 g5 10. g3 g4 11. Nh4 Qg5 12. Ng2 a5 13. a3 axb4 14. axb4 Ra4 15. Rxa4
Bh6 16. Ra2 Ba6 17. Nf4 Qe7 18. Qa1 O-O 19. Nb3 Bxf4 20. exf4 h5 21. Nc5 h4 22.
Nxa6 Nxa6 23. Rxa6 h3 24. Rxc6 Qe8 25. Bxb5 Qb8 26. Qa6 Qa8 27. Kf2 Rb8 28. Ra1
Qxa6 29. Bxa6 Kf7 30. Rc7+ Kg6 31. Bb7 Rf8 32. Ra6 Rf7 33. Rxe6+ 1-0

[Event "Challenge"]
[Site "http://www.queenalice.com/game.php?id=1251879"]
[Date "2014.1.28"]
[Round "-"]
[White "SpongeBob"]
[Black "rrainey22"]
[Result "1-0"]
[WhiteElo "1884"]
[BlackElo "1609"]

1. d4 d5 2. Nf3 Bg4 3. Ne5 Be6 4. e3 f6 5. Nd3 Bf7 6. Nd2 e6 7. c4 Nc6 8. Qa4
Qd7 9. Be2 Bd6 10. b4 Nxb4 11. Qb3 dxc4 12. Nxc4 Nd5 13. Qxb7 Qd8 14. Qc6+ Ke7
15. Bd2 Be8 16. Qa6 Qc8 17. Qxc8 Rxc8 18. e4 Nb6 19. Ne3 Ba4 20. a3 Kf7 21. O-O
Bf4 22. Nxf4 Ne7 23. Rfc1 Rhd8 24. d5 e5 25. Ne6 Rd7 26. Nc5 1-0

[Event "Challenge"]
[Site "http://www.queenalice.com/game.php?id=1251880"]
[Date "2014.1.28"]
[Round "-"]
[White "rrainey22"]
[Black "SpongeBob"]
[Result "0-1"]
[WhiteElo "1609"]
[BlackElo "1859"]

1. d4 Nf6 2. Bg5 Ne4 3. Be3 d5 4. f3 Nd6 5. Nd2 g6 6. Bf2 Bg7 7. e3 Nd7 8. Bd3
e5 9. c3 f5 10. e4 exd4 11. Bxd4 Bxd4 12. cxd4 fxe4 13. fxe4 dxe4 14. Nxe4 Nxe4
15. Bxe4 Qh4+ 16. Kd2 Qxe4 17. Qe1 Nf6 18. Qxe4+ Nxe4+ 19. Ke2 O-O 20. Nf3 Bg4
21. Raf1 Rad8 22. Ke3 Bxf3 23. gxf3 Nd6 24. Rhg1 Nf5+ 25. Kd2 Rxd4+ 26. Kc1 Re8
27. a3 Re2 28. h3 Rdd2 29. Rd1 Rc2+ 0-1